Online katalóg knižníc regiónu Turca

Tak mi treba! (Record no. 22260)

MARC details
000 -LEADER
fixed length control field 01572cam a2200517 a 4500
001 - CONTROL NUMBER
control field 22260
003 - CONTROL NUMBER IDENTIFIER
control field VRT
005 - DATE AND TIME OF LATEST TRANSACTION
control field 20260324145806.0
008 - FIXED-LENGTH DATA ELEMENTS--GENERAL INFORMATION
fixed length control field 240315s2013 xo g 000 f slo
015 ## - NATIONAL BIBLIOGRAPHY NUMBER
National bibliography number SNBA2013/08
020 ## - INTERNATIONAL STANDARD BOOK NUMBER
International Standard Book Number 9788055134604
Qualifying information (brož.)
035 ## - SYSTEM CONTROL NUMBER
System control number FD22C55C-D999-44C3-8CA5-D872DA1B0F0A
035 ## - SYSTEM CONTROL NUMBER
System control number urn:nbn:sk:snk-amjnnv
035 ## - SYSTEM CONTROL NUMBER
System control number urn:nbn:sk:snk-am0028ki
039 #9 - LEVEL OF BIBLIOGRAPHIC CONTROL AND CODING DETAIL [OBSOLETE]
Level of rules in bibliographic description 202403152203
Level of effort used to assign nonsubject heading access points VLOAD
Level of effort used to assign subject headings 202203041231
Level of effort used to assign classification AUTHORITY
Level of effort used to assign subject headings 201604301116
Level of effort used to assign classification VLOAD
Level of effort used to assign subject headings 201508271511
Level of effort used to assign classification VLOAD
040 ## - CATALOGING SOURCE
Original cataloging agency TTKJF
Language of cataloging slo
Transcribing agency TTKJF
Modifying agency PPPK
-- SVKBB
-- SNK
Description conventions AACR2
041 0# - LANGUAGE CODE
Language code of text/sound track or separate title slo
044 ## - COUNTRY OF PUBLISHING/PRODUCING ENTITY CODE
MARC country code xo
ISO country code SK
072 #7 - SUBJECT CATEGORY CODE
Subject category code 821.162.4-3
Subject category code subdivision Slovenská próza
Source konspekt
080 ## - UNIVERSAL DECIMAL CLASSIFICATION NUMBER
Universal Decimal Classification number 821.162.4-31
Edition identifier 2001
100 1# - MAIN ENTRY--PERSONAL NAME
Personal name Koscelanská-Hajdučeková, Silvia,
Dates associated with a name 1981-
Relationship aut
245 10 - TITLE STATEMENT
Title Tak mi treba!
Statement of responsibility, etc. Silvia Koscelanská-Hajdučeková
250 ## - EDITION STATEMENT
Edition statement [1. vyd.]
260 ## - PUBLICATION, DISTRIBUTION, ETC.
Place of publication, distribution, etc. Bratislava
Name of publisher, distributor, etc. Ikar
Date of publication, distribution, etc. 2013
300 ## - PHYSICAL DESCRIPTION
Extent 285 s.
Dimensions 17 cm
490 1# - SERIES STATEMENT
Series statement Príbehy z kabelky
655 #7 - INDEX TERM--GENRE/FORM
Genre/form data or focus term slovenské romány
Source of term SNKPH
655 #7 - INDEX TERM--GENRE/FORM
Genre/form data or focus term Slovak fiction
Source of term SNKPHeng
830 #0 - SERIES ADDED ENTRY--UNIFORM TITLE
Uniform title Príbehy z kabelky
910 ## - USER-OPTION DATA (OCLC)
User-option data ttkjf
910 ## - USER-OPTION DATA (OCLC)
User-option data pppk
910 ## - USER-OPTION DATA (OCLC)
User-option data pokpoh
910 ## - USER-OPTION DATA (OCLC)
User-option data svkbb
910 ## - USER-OPTION DATA (OCLC)
User-option data snk
910 ## - USER-OPTION DATA (OCLC)
User-option data bjkdg
910 ## - USER-OPTION DATA (OCLC)
User-option data sllk
910 ## - USER-OPTION DATA (OCLC)
User-option data skpk
910 ## - USER-OPTION DATA (OCLC)
User-option data hevk
910 ## - USER-OPTION DATA (OCLC)
User-option data vthk
910 ## - USER-OPTION DATA (OCLC)
User-option data totk
942 ## - ADDED ENTRY ELEMENTS (KOHA)
Source of classification or shelving scheme Dewey Decimal Classification
Koha item type Krásna literatúra pre dospelých
Suppress in OPAC No
949 ## - LOCAL PROCESSING INFORMATION (OCLC)
6 270001000416827
a svkbbA 138921
b svkbbm 737675
949 ## - LOCAL PROCESSING INFORMATION (OCLC)
6 17A1080005
a snkSD 82302
b snk2013/16798
o 1763/13
949 ## - LOCAL PROCESSING INFORMATION (OCLC)
6 17A1081719
a snkSD 82302 D1
b snk2013/20185
o 1763/13
s 6100:20140925
949 ## - LOCAL PROCESSING INFORMATION (OCLC)
6 273K0561582
a svkpoA 218402
b svkpo563637
Holdings
Stav vyradenia Strata Poškodenie Spôsob nadobudnutia Domovská knižnica Aktuálna knižnica Dátum nadobudnutia Total checkouts Čiarový kód exemplára Date last seen Typ exemplára
      Dar Obecná knižnica Horná Štubňa Obecná knižnica Horná Štubňa 24.03.2026   9788055134604 24.03.2026 Krásna literatúra pre dospelých
Projekt je podporený Slovenskou asociáciou knižníc
Prevádzkuje Turčianska knižnica Martin 2026